000
00196nam a2200085Ia 4500
008
120527s9999 xx 000 0 und d
100
_a
Lee, A. Jeffrey
245
_a
Scientific Endeavour
942
_c
BK
999
_c
27302
_d
27302